000 00995nam a22002057a 4500
005 20140911100840.0
008 140911b xxu||||| |||| 00| 0 eng d
020 _a9780230717145
050 _aHD 30.4
_b.P882 2009
100 _aPowell, Mark.
245 _aIn company :
_bintermediate student's book with cd-rom /
_cMark Powell.
250 _a2nd ed.
260 _aOxford, England :
_bMacmillan Education,
_cc2009.
300 _a159 pages :
_bcolored illustration ;
_c30 cm.
_e+ 1 CD-ROM (4 3/4 in.)
520 _aThe second edition Student's Books contain clearly defined topic and skills-based units, real-world tasks and more case studies, all which are instantly relevant to everyday business life development. The CD-ROM has an interactive glossary and class audio as MP3 downloads.
521 _aBSBA
650 _aEnglish language
_xBusiness English
_xTextbooks for foreign speakers.
650 _aEnglish language
_xBusiness English
_xProblems, exercises, etc.
942 _2lcc
_cBK
_kFOR
999 _c275558
_d275558